000 00587nam a2200241Ia 4500
003 OSt
005 20221005121534.0
006 a|||||r|||| 00| 0
007 ta
008 221004b |||||||| |||| 00| 0 eng d
024 _a36162
037 _cTextual
040 _aCRL
_cCRL
_beng
041 _2eng
_aeng
082 _aN82v, K0
100 _aPrajnanananda
_951402
245 0 _aHistorical development of Indian music
260 _c1960
650 _a ARTS
650 _aMUSIC
_917402
942 _hN82v, K0
_cTEXL
_2cc
999 _c1041463
_d1041463